One-Club Premier League Goalscorers - Statistics

General Stats
  • This quiz has been taken 1,176 times
    427 since last reset
  • The average score is 19 of 35
Answer Stats
Goals Player Team % Correct
184 Sergio Agüero Manchester City
99%
145 Jamie Vardy Leicester City
98%
175 Thierry Henry Arsenal
97%
127 Heung-min Son Tottenham Hotspur
90%
107 Paul Scholes Manchester United
84%
109 Ryan Giggs Manchester United
84%
120 Steven Gerrard Liverpool
84%
104 Didier Drogba Chelsea
82%
103 Cristiano Ronaldo Manchester United
78%
85 Erling Haaland Manchester City
67%
82 Roberto Firmino Liverpool
65%
95 Ruud van Nistelrooy Manchester United
60%
100 Matthew Le Tissier Southampton
59%
87 Dennis Bergkamp Arsenal
57%
75 Ollie Watkins Aston Villa
57%
60 David Silva Manchester City
56%
69 Luis Suárez Liverpool
54%
62 David Beckham Manchester United
53%
85 Eden Hazard Chelsea
52%
68 Michail Antonio West Ham United
42%
61 Phil Foden Manchester City
40%
54 Alexander Isak Newcastle United
39%
50 Edin Džeko Manchester City
38%
91 Ole Gunnar Solskjær Manchester United
38%
62 Yaya Touré Manchester City
37%
74 Gabriel Agbonlahor Aston Villa
35%
53 Bukayo Saka Arsenal
34%
62 Bruno Fernandes Manchester United
31%
63 Anthony Martial Manchester United
30%
57 Dominic Calvert-Lewin Everton
30%
53 Gareth Bale Tottenham Hotspur
27%
59 Gianfranco Zola Chelsea
25%
54 Alexandre Lacazette Arsenal
23%
51 Dirk Kuyt Liverpool
22%
56 Tim Cahill Everton
19%
No matching quizzes found
Score Distribution
Percent of People with Each Score
Percentile by Number Answered
Your Score History
You have not taken this quiz since the last reset